书目信息 |
| 题名: |
陈寅恪和他的世界
|
|
| 作者: | 刘克敌, 著 | |
| 分册: | ||
| 出版信息: | 石家庄 河北教育出版社 2021.08 |
|
| 页数: | 11, 432页 | |
| 开本: | 21cm | |
| 丛书名: | ||
| 单 册: | ||
| 中图分类: | K825.81=72 | |
| 科图分类: | ||
| 主题词: | 陈寅恪--chen yin ke--人物研究 | |
| 电子资源: | ||
| ISBN: | 978-7-5545-6358-8 | |
| 000 | 00980nam0 2200241 450 | |
| 001 | 28294 | |
| 005 | 20221008181047.71 | |
| 010 | @a978-7-5545-6358-8@dCNY58.00 | |
| 100 | @a20211104d2021 em y0chiy50 ea | |
| 101 | 0 | @achi |
| 102 | @aCN@b130000 | |
| 105 | @ay z 000yd | |
| 200 | 1 | @a陈寅恪和他的世界@Achen yin ke he ta de shi jie@f刘克敌著 |
| 210 | @a石家庄@c河北教育出版社@d2021.08 | |
| 215 | @a11, 432页@d21cm | |
| 314 | @a刘克敌, 文学博士, 杭州师范大学教授。长期从事陈寅恪学术思想研究、中国现代学术思想研究及中国知识分子问题研究等。 | |
| 330 | @a本书以导读方式介绍陈寅恪的著作, 阐释陈氏著作的写作背景及主要内容, 解释有关史实及相关人物来历等, 并辅以相关逸闻趣事, 以激发读者阅读兴趣, 消除或减轻读者阅读陈氏著作的难度。 | |
| 600 | 0 | @a陈寅恪,@Achen yin ke@f1890-1969@x人物研究 |
| 606 | @a陈寅恪@Achen yin ke@x人物研究 | |
| 690 | @aK825.81=72@v5 | |
| 701 | 0 | @a刘克敌,@Aliu ke di@f1956-@4著 |
| 801 | 0 | @aCN@c20220910 |
| 905 | @a河南城建学院图书馆@dK825.81=72@eC633@f2 | |
| 陈寅恪和他的世界/刘克敌著.-石家庄:河北教育出版社,2021.08 |
| 11, 432页;21cm |
| ISBN 978-7-5545-6358-8:CNY58.00 |
| 本书以导读方式介绍陈寅恪的著作, 阐释陈氏著作的写作背景及主要内容, 解释有关史实及相关人物来历等, 并辅以相关逸闻趣事, 以激发读者阅读兴趣, 消除或减轻读者阅读陈氏著作的难度。 |
| ● |
| 相关链接 |
|
|
|
正题名:陈寅恪和他的世界
索取号:K825.81=72/C633
 
预约/预借
| 序号 | 登录号 | 条形码 | 馆藏地/架位号 | 状态 | 备注 |
| 1 | 1581175 | 215811753 | 社科库309/309社科库 55排2列1层/ [索取号:K825.81=72/C633] | 在馆 | |
| 2 | 1581176 | 215811762 | 社科库309/309社科库 55排2列1层/ [索取号:K825.81=72/C633] | 在馆 |